Akcelerácia politických čistiek S. Kozlík: Nechcete v skrátenom konaní vymeniť aj občanov nášho štátu?

Podrobná bibliografia
Hlavní autori: Raslavský, František (Autor), Smolec, Maroš, 1974- (Autor)
Médium: Článok
Jazyk:slovenčina
Predmet:

MARC

LEADER 00000nab a2200000 a 4500
001 vtls000675310
003 SK-MaSNL
005 20260304015731.0
008 180206c1998 xo 0 slo
015 |a SNBRB1998/11-24205 
035 |a CLN000027484 
040 |a SNKBUCL  |b slo  |c SNKBUCL  |e AACR2 
041 0 |a slo 
044 |a xo  |c SK 
080 |a 328.1(437.6):061.3  |2 UDC-MRF-SK2 
100 1 |a Raslavský, František  |4 aut  |9 890909 
245 1 0 |a Akcelerácia politických čistiek  |b S. Kozlík: Nechcete v skrátenom konaní vymeniť aj občanov nášho štátu?  |c František Raslavský, Maroš Smolec 
610 1 7 |a Slovensko.  |b Národná rada  |2 snkbucl  |9 165573 
655 7 |a články z novín a časopisov  |2 snkbucl  |9 267496 
700 1 |a Smolec, Maroš,  |d 1974-  |4 aut  |9 192878 
773 0 |t Slovenská republika  |g Roč. 6, č. 257 (6.11.1998), s. 1-2 
850 |a Slovenská národná knižnica v Martine 
852 |a SNK  |b KIS3GCP 
958 |a RBX 
999 |c 2593713  |d 2595643